Welcome to CU Library Online Public Access Catalogue (OPAC)

Issues and ethics in the helping professions / (Record no. 3581)

MARC details
000 -LEADER
fixed length control field 01103cam a22002654a 4500
001 - CONTROL NUMBER
control field 12441424
005 - DATE AND TIME OF LATEST TRANSACTION
control field 20250207175535.0
008 - FIXED-LENGTH DATA ELEMENTS--GENERAL INFORMATION
fixed length control field 010614s2003 at b 001 0 eng
020 ## - INTERNATIONAL STANDARD BOOK NUMBER
International Standard Book Number 9780534356156
050 00 - LIBRARY OF CONGRESS CALL NUMBER
Classification number RC455.2.E8
Item number C66 2003
082 00 - DEWEY DECIMAL CLASSIFICATION NUMBER
Classification number 174/.2
Edition information 21
100 1# - MAIN ENTRY--PERSONAL NAME
Personal name Corey, Gerald.
245 10 - TITLE STATEMENT
Title Issues and ethics in the helping professions /
Statement of responsibility, etc. Gerald Corey, Marianne Schneider Corey, Patrick Callanan.
250 ## - EDITION STATEMENT
Edition statement 6th ed.
260 ## - PUBLICATION, DISTRIBUTION, ETC.
Place of publication, distribution, etc. Australia ;
-- Pacific Grove, CA :
Name of publisher, distributor, etc. Brooks/Cole/Thomson Learning,
Date of publication, distribution, etc. c2003.
300 ## - PHYSICAL DESCRIPTION
Extent xvi, 510 p. ;
Dimensions 24 cm.
650 #0 - SUBJECT ADDED ENTRY--TOPICAL TERM
Topical term or geographic name entry element Psychotherapists
General subdivision Professional ethics.
650 #0 - SUBJECT ADDED ENTRY--TOPICAL TERM
Topical term or geographic name entry element Counselors
General subdivision Professional ethics.
700 1# - ADDED ENTRY--PERSONAL NAME
Personal name Corey, Marianne Schneider,
Dates associated with a name 1942-
700 1# - ADDED ENTRY--PERSONAL NAME
Personal name Callanan, Patrick.
856 42 - ELECTRONIC LOCATION AND ACCESS
Materials specified Contributor biographical information
Uniform Resource Identifier <a href="http://www.loc.gov/catdir/enhancements/fy1515/2001037646-b.html">http://www.loc.gov/catdir/enhancements/fy1515/2001037646-b.html</a>
856 42 - ELECTRONIC LOCATION AND ACCESS
Materials specified Publisher description
Uniform Resource Identifier <a href="http://www.loc.gov/catdir/enhancements/fy1515/2001037646-d.html">http://www.loc.gov/catdir/enhancements/fy1515/2001037646-d.html</a>
856 41 - ELECTRONIC LOCATION AND ACCESS
Materials specified Table of contents only
Uniform Resource Identifier <a href="http://www.loc.gov/catdir/enhancements/fy1515/2001037646-t.html">http://www.loc.gov/catdir/enhancements/fy1515/2001037646-t.html</a>
942 ## - ADDED ENTRY ELEMENTS (KOHA)
Source of classification or shelving scheme Library of Congress Classification
Koha item type Books
Edition 6th ed.
Suppress in OPAC No
999 ## -
-- 3581
-- 3581
Holdings
Withdrawn status Lost status Source of classification or shelving scheme Damaged status Not for loan Collection Home library Current library Shelving location Date acquired Total checkouts Full call number Barcode Date last seen Copy number Price effective from Koha item type
    Library of Congress Classification     Non-fiction Science Library (Miotso) Science Library (Miotso) General stacks 02/07/2025   RC455.2 .E8C66 COR SLM00003024 02/07/2025 1 02/07/2025 Books
© 2023-2024 Copyright: Central University Libraries. All Rights Reserved | Created by: Mahone Tech Office